| 000 | 00695nam a2200205 a 4500 | ||
|---|---|---|---|
| 999 |
_c5818 _d5818 |
||
| 001 | 5818 | ||
| 003 | BD-JhCC | ||
| 005 | 20171227114810.0 | ||
| 008 | 171218s20002013bg a|||| ||a| 000 0 ben d | ||
| 035 | _a(BD-JhCC)5818 | ||
| 040 |
_aBD-JhCC _dBD-JhCC |
||
| 041 | _aben | ||
| 082 |
_a613.7 _bORB 2000 |
||
| 245 |
_aঅরবিট বি পি এড গাইড / _cআবদুল মালেক তালুকদার (সম্পাদনা) |
||
| 260 |
_aঢাকা : _bবুকস এন্ড কম্পিউটার কমপ্লেক্স, _c2000. |
||
| 300 |
_a p. : _c23 cm. |
||
| 650 |
_aPhysical Education _xStudy and Teaching |
||
| 942 |
_2ddc _cBK |
||